| 000 | 01675 a2200265 4500 | ||
|---|---|---|---|
| 020 | _a0534392008 (hardcover) | ||
| 020 | _a9780534392000 (hardcover) | ||
| 090 |
_c1579 _d1579 |
||
| 100 | 1 | _aBurden, Richard L. | |
| 245 | 1 | 0 |
_aNumerical analysis / _cRichard L. Burden, J. Douglas Faires. _b(Local Print) |
| 250 | _a9th ed. | ||
| 260 |
_a[S.l.] : _bBrooks Cole, _cND |
||
| 300 |
_a847 p. ; _c24 cm. |
||
| 700 | 1 | _aFaires, J. Douglas. | |
| 942 |
_aSNS _cBK _k519.4 BUR |
||
| 999 |
_c30189 _d30189 |
||